| 000 | 01321cam a22003737a 4500 | ||
|---|---|---|---|
| 003 | CHAP | ||
| 005 | 20220329142524.0 | ||
| 008 | 010831d2000 mx ad r 00110 spa d | ||
| 010 | _a84554 | ||
| 011 | _a85526 | ||
| 020 | _a9688807907 | ||
| 035 | _a96059 | ||
| 040 | _cCHAP | ||
| 082 | 0 | 4 |
_a540 _bD3 1996 |
| 100 | 0 | 0 |
_aDaub, G. William. _931133 |
| 245 | 1 | 0 |
_aQuímica _c/por G. William Daub y William S. Seese |
| 250 | _a7 ed. | ||
| 260 |
_aMéxico, D.F. : _bPearson Educación _c2000 |
||
| 300 |
_a652 p. : _bilus. ; gráfs. ; tablas ; diagramas |
||
| 500 | _aTrad. del inglés de la obra: Basic Chemistry, 1996 | ||
| 590 |
_aBATCH-UPD _b10 _c20130110 _lUCH01 _h1354 |
||
| 590 |
_aBATCH-UPD _b10 _c20130410 _lUCH01 _h0849 |
||
| 590 |
_aBATCH-UPD _b10 _c20130914 _lUCH01 _h1136 |
||
| 590 |
_aCONVERSION _b10 _c20130109 _lUCH01 _h1347 |
||
| 650 | 1 | 4 |
_aQuímica orgánica. _993598 |
| 650 | 1 | 4 |
_aQuímica. _993552 |
| 700 | 0 |
_aSeese, William S. _9103592 |
|
| 901 | _aBK | ||
| 905 | _aMarco A. Mendoza T. | ||
| 942 | _cLIBRO | ||
| 949 |
_a540 D3 1996 _bBC _cLIBRO _d33724000854162 _eLIBRO _gI.c/e _h101449 _i96059 _si _t$300.00 |
||
| 949 |
_a540 D3 1996 _bBC _cLIBRO _d33724000854170 _eLIBRO _fc.2 _gI.c/e _h101450 _i96059 _si _t$300.00 |
||
| 949 |
_a540 D3 1996 _bBC _cLIBRO _d33724000854188 _eLIBRO _fc.3 _gI.c/e _h101451 _i96059 _si _t$300.00 |
||
| 999 |
_c84554 _d84554 |
||